[Event "GER-ch U08"]
[Site "Willingen"]
[Date "2022.06.11"]
[Round "7"]
[White "Detjen, Laurenz"]
[Black "Schmidt, Alexander Nadvid"]
[Result "1-0"]
[WhiteElo "845"]
[BlackElo "1038"]
[PlyCount "43"]
[EventDate "2022.06.07"]
[EventType "swiss"]
[EventRounds "7"]
[EventCountry "GER"]
[SourceTitle "EXT 2023"]
[Source "ChessBase"]
[SourceDate "2022.10.05"]
[SourceVersion "1"]
[SourceVersionDate "2022.10.05"]
[SourceQuality "1"]

1. e4 e5 2. Nf3 Nf6 3. d4 exd4 4. e5 Ng8 5. Nxd4 Bc5 6. Be3 Ne7 7. Bc4 Nbc6 8. Nxc6 Nxc6 9. Bxc5 Qh4 10. Qd5 Qh5 11. 0-0 Qg6 12. Na3 d6 13. exd6 Be6 14. Rfe1 0-0 15. Qf3 Bxc4 16. Nxc4 cxd6 17. Bxd6 Rfc8 18. Qc3 b5 19. Ne5 Qxd6 20. Nxc6 Rxc6 21. Qf3 Rxc2 22. Qxa8+ 1-0

[Event "GER-ch U08"]
[Site "Willingen"]
[Date "2022.06.09"]
[Round "4"]
[White "Schmidt, Alexander Nadvid"]
[Black "Besou, Jad"]
[Result "0-1"]
[WhiteElo "1038"]
[BlackElo "957"]
[PlyCount "47"]
[EventDate "2022.06.07"]
[EventType "swiss"]
[EventRounds "7"]
[EventCountry "GER"]
[SourceTitle "EXT 2023"]
[Source "ChessBase"]
[SourceDate "2022.10.05"]
[SourceVersion "1"]
[SourceVersionDate "2022.10.05"]
[SourceQuality "1"]

1. d4 d5 2. c4 Nf6 3. Nc3 dxc4 4. e4 Nc6 5. d5 Ne5 6. Bf4 Ng6 7. Bg3 e6 8. dxe6 Bxe6 9. Qxd8+ Rxd8 10. Bxc7 Rd7 11. Bg3 Bb4 12. f3 0-0 13. Nge2 Rd3 14. Bf2 b6 15. Bd4 Rd8 16. Bxf6 gxf6 17. f4 f5 18. exf5 Bxf5 19. Kf2 Rd2 20. g3 Bc5+ 21. Kf3 Bb4 22. Kf2 Bxc3 23. Rc1 Bd4+ 24. Kg2 0-1